000 02212cam a22004574i 4500
003 PE-LiUPU
005 20250731183429.0
008 150706s r 000 0 d
020 _a9788436254891
035 _a(Sirsi) i9788436254891
040 _aPE-LiUPU
_bspa
_cPE-LiUPU
_erda
049 _aPRUA
082 0 4 _a711.504
_bO6
_221
245 0 1 _aOrdenación del territorio y medio ambiente /
_cAntonio Fernández Fernández, Carlos J. Pardo Abad, Eva M. Martín Roda y David Cocero Matesanz .
264 1 _aMadrid :
_bUniversidad Nacional de Educación a Distancia,
_c2007.
300 _a589 páginas :
_bilustraciones a color y n. mapas ;
_c24 cm.
336 _atext
_2rdacontent
337 _aunmediated
_2rdamedia
338 _avolume
_2rdacarrier
490 0 _aUnidad didáctica
504 _aIncluye bibliografía al final de cada capítulo.
505 0 _aLa ordenación del territorio: aspectos generales -- Análisis, diagnóstico, y conservación ambiental del territorio -- Reglamentaciones e instrumentos para la ordenación del territorio -- Contenidos y metodología de un plan de ordenación territorial y urbana -- Análisis del sistema territorial -- La planificación territorial -- La evaluación del impacto ambiental en la planificación territorial.
526 _aP158
526 _aP146
526 _aP17
526 _aP12
526 _aP06
541 _g003-000204;
650 0 4 _aOrdenación del territorio
_xDerecho
_zEspaña.
650 0 4 _aOrdenación del territorio
_xAspectos ambientales.
700 1 _aFernández Fernández, Antonio,
_d1965-
700 1 _aPardo Abad, Carlos J.
700 1 _aMartín Roda, Eva M.
700 1 _aCocero Matesanz, David.
910 _agl20111010
942 _2ddc
_cBOOK
949 _a711.504 O6
_wDEWEY
_c1
_i63788
_lCCODEBUL1
_mBUL
_p106.00
_r0
_sY
_tBOOK
_u2015-7-6
_xINGENIERIA
_PP06
_o.STAFF. Colección General
994 _aC0
_bPEPRU
596 _a1
999 _a711.504 O6
_wDEWEY
_c52680
_i63788
_d52680
_e2018-6-13
_f2021-11-9
_g7
_lCCODEBUL1
_mBUL
_n2
_p106.00
_r0
_sY
_tBOOK
_u2015-7-6
_xINGENIERIA
_PP06
_0COMPRA
_o.STAFF. Colección General
980 _81
_gALBERTO SANCHEZ Responsable de Automatización